<?xml version='1.0' encoding='UTF-8'?>
  <record xmlns="http://www.loc.gov/MARC21/slim">
    <leader>00000cam a22000007i 4500</leader>
    <controlfield tag="001">ocm68848366</controlfield>
    <controlfield tag="003">OCoLC</controlfield>
    <controlfield tag="005">20241005004553.2</controlfield>
    <controlfield tag="008">960125s1568    be            000 0 dut d</controlfield>
    <datafield tag="040" ind1=" " ind2=" ">
      <subfield code="a">NLGGC</subfield>
      <subfield code="b">dut</subfield>
      <subfield code="e">fobidrtb</subfield>
      <subfield code="c">NLGGC</subfield>
    </datafield>
    <datafield tag="029" ind1="0" ind2=" ">
      <subfield code="a">NLGGC</subfield>
      <subfield code="b">145119106</subfield>
    </datafield>
    <datafield tag="035" ind1=" " ind2=" ">
      <subfield code="a">(OCoLC)68848366</subfield>
    </datafield>
    <datafield tag="245" ind1="0" ind2="0">
      <subfield code="a">Ordinantie sconincx ons gheduchts heeren, waer door gheboden werdt, allen den ghenen die houden, bezitten, ghebruycken oft onder hen houden: eenighe roerende oft onroerende goeden oft renten: toebehoort hebbende eenighen heeren, edel luyden, oft poorteren: ghevanghen, gheexecuteert oft ghebannen gheweest hebbende: de verclaringhe ende wete dan of te doen aen die van onser financien ende ontfangher generael, op zekere penen etc. [26 juni 1568].</subfield>
    </datafield>
    <datafield tag="260" ind1=" " ind2=" ">
      <subfield code="a">Te Ghendt :</subfield>
      <subfield code="b">by Jan van den Steene#wonen̄ by S. Pharahilden plaetse#,</subfield>
      <subfield code="c">1568</subfield>
      <subfield code="e">(Typis Gisleni Manilij)</subfield>
    </datafield>
    <datafield tag="300" ind1=" " ind2=" ">
      <subfield code="a">[7] p. ;</subfield>
      <subfield code="c">in-8.</subfield>
    </datafield>
    <datafield tag="336" ind1=" " ind2=" ">
      <subfield code="a">tekst</subfield>
      <subfield code="b">txt</subfield>
      <subfield code="2">rdacontent/dut</subfield>
    </datafield>
    <datafield tag="337" ind1=" " ind2=" ">
      <subfield code="a">zonder medium</subfield>
      <subfield code="b">n</subfield>
      <subfield code="2">rdamedia/dut</subfield>
    </datafield>
    <datafield tag="338" ind1=" " ind2=" ">
      <subfield code="a">band</subfield>
      <subfield code="b">nc</subfield>
      <subfield code="2">rdacarrier/dut</subfield>
    </datafield>
    <datafield tag="500" ind1=" " ind2=" ">
      <subfield code="a">A 4.</subfield>
    </datafield>
    <datafield tag="510" ind1="0" ind2=" ">
      <subfield code="a">v.d. Wulp 8666</subfield>
    </datafield>
    <datafield tag="710" ind1="0" ind2=" ">
      <subfield code="a">Steene, Jan van den (II, Gent)</subfield>
      <subfield code="4">prt</subfield>
      <subfield code="0">(NL-LeOCL)115342249</subfield>
    </datafield>
    <datafield tag="936" ind1=" " ind2=" ">
      <subfield code="a">BATCHLOAD</subfield>
    </datafield>
  </record>